| 000 | 00361nam a2200133Ia 4500 | ||
|---|---|---|---|
| 008 | 240624s9999 xx 000 0 und d | ||
| 041 | _aeng | ||
| 082 | _a332.024 BRU | ||
| 100 | _aBRUNHART NICOLE | ||
| 245 | _aINDIVIDUAL FINANCIAL PLANNING FOR RETIRE | ||
| 260 |
_c2008 _aSwitzerland _bPhysica-Verlag |
||
| 300 | _axx, : 441 : p. : cm. ; 24 | ||
| 365 |
_cERU _b26 |
||
| 999 |
_c20121 _d20121 |
||